LEADER 01242nam a2200253 4500 001 000000361865 003 CaOOAMICUS 005 20250227094810.0 008 250227s2019 xxua 000 u eng r 020 $a978-0-8028-7822-9 040 $aSeMil$bita 245 00$a2: The medieval through the Reformation periods /$cedited by Alan J. Hauser & Duane F. Watson ; associate editor Schuyler Kaufman. 264 1$aGrand Rapids, Michigan :$bWilliam B. Eerdmans,$c2023. 300 $aXI, 569 p. :$bill. ;$c24 cm 700 1 $aWatson, Duane Frederick.$0(OLS)http://semarc/name/77047 700 1 $aKaufman, Schuyler.$0(OLS)http://semarc/name/121566 700 1 $aHauser, Alan J.,$d<1945- >.$0(OLS)http://semarc/name/121562 773 0 $tHistory of biblical interpretation.$dGrand Rapids, Michigan : William B. Eerdmans, 2003-2017.$g2$w()361863 850 $aSeMil 852 $aSeMil$W1$xVenegono$y1$m2Y VI 27$j254774$B252806$CSeMilBibl$Z2$F252806 $81 996 $6020$a978-0-8028-7822-9$9(OLS)http://semarc/number/302579 996 $6245$a2: The medieval through the Reformation periods$9(OLS)http://semarc/title/452679 996 $6264$aGrand Rapids, Michigan :$bWilliam B. Eerdmans$9(OLS)http://semarc/publisher/60386 LEADER 01205nam a2200289 i 4500 001 000000216148 003 CaOOAMICUS 005 20250929155421.0 008 121005s2005 it u000 u ita u 020 $a88-86495-80-3 040 $aSeMil$bita 100 1 $aWalter, Philippe,$d<1952- >.$0(OLS)http://semarc/name/76566 240 10$aArthur :$bl'ours et le roi.$0(OLS)http://semarc/title/310969 245 10$aArtł :$bl'orso e il re /$cPhilippe Walter ; traduzione dal francese di Milvia Faccia. 264 1$aRoma :$bArkeios,$c2005. 300 $a213 p. :$bill. ;$c24 cm. 490 1 $aLa via dei simboli 600 04$aArtł .$0(OLS)http://semarc/subject/16991 700 1 $aFaccia, Milvia.$0(OLS)http://semarc/name/76567 830 3$aLa via dei simboli .$0(OLS)http://semarc/title/450 850 $aSeMil 852 $aSeMil$W1$xVenegono$y1$m3UA D 48$j262461$B166567$CSeMilBibl$Z2$F177451 $81 961 $aSottoscrizione: Arkeios 996 $6020$a88-86495-80-3$9(OLS)http://semarc/number/213045 996 $6245$aArtł :$bl'orso e il re$9(OLS)http://semarc/title/310968 996 $6264$aRoma :$bArkeios$9(OLS)http://semarc/publisher/29795